Everything To Everyone (Extended Version) - Renee Rapp (All Lyrics) - Statistics

General Stats
  • This quiz has been taken 30 times
  • The average score is 229 of 256
Answer Stats
Lyrics % Correct
be
100%
can't
100%
do
100%
'em
100%
everyone
100%
everything
100%
go
100%
gonna
100%
I
100%
I'm
100%
no
100%
on
100%
one?
100%
problems,
100%
so
100%
solve
100%
take
100%
talk
100%
to
100%
when
100%
Who
100%
you
100%
You
100%
3
91%
AM
91%
AM,
91%
and
91%
And
91%
at
91%
call
91%
Forget
91%
give
91%
God,
91%
it,
91%
it's
91%
know
91%
over
91%
pickin'
91%
that
91%
up
91%
your
91%
all
82%
'Cause
82%
'cause
82%
cryin'
82%
dyin'
82%
got
82%
grown
82%
guts
82%
hate
82%
hope
82%
I'll
82%
kill
82%
me,
82%
me
82%
my
82%
myself
82%
need
82%
not
82%
Not
82%
of
82%
older
82%
scared
82%
taxes
82%
the
82%
tryin'
82%
you're
82%
You're
82%
actin'
73%
been
73%
I've
73%
payin'
73%
since
73%
with
73%
woke
73%
actress,
64%
best
64%
boyfriend
64%
broke
64%
even
64%
expectations
64%
friend
64%
just
64%
mention,
64%
Now
64%
play
64%
ten
64%
impressed
55%
have
36%
gone
27%
No matching quizzes found
Score Distribution
Percent of People with Each Score
Percentile by Number Answered
Your Score History
You have not taken this quiz